00391nam a2200145 4500003000900000005001700009008004100026020001100067040001300078082001600091100002100107245007700128250001200205260002800217SEACOMEC20240511123909.0240511b |||||||| |||| 00| 0 eng d c120.00 aSEACOMEC a515.3bC435 aJ.C. Chakravorty aAnalytical Geometry and Vector AnalysiscJ.C. Chakravorty and P.R. Ghosh a18th ed akolkatabU.N.Dhurc2006